Green Images by Category Quiz Stats

Quiz Updated Jan 18, 2018

Challenge
Share
Tweet
Score 0/30 Timer 05:00
5 Plays Today
Category Answer % Correct
FoodsKiwifruit
96.6%
Cucumber
95.8%
Fictional CharactersThe Grinch
93.5%
Monster Energy
93.2%
Mint Chocolate Chip
88.3%
Jolly Green Giant
85.2%
Green Lantern
84.5%
A Bug's Life
83.2%
Movie PostersThe Matrix
82.4%
FlagsBrazil
79.7%
LogosHoliday Inn
79.5%
Artichoke
78.7%
Mike Wazowski
72.2%
Lacoste
71%
Android
69.8%
Category Answer % Correct
Caddyshack
67.4%
Basil
65.1%
Yoshi
63.8%
Jumanji: Welcome to the Jungle
61.4%
The Secret Garden
59.7%
Spotify
58.8%
Book CoversThe Giving Tree
54.6%
Moneyball
51.2%
Saudi Arabia
48.8%
Pakistan
42.1%
The Hobbit
39.4%
Yertle the Turtle
34.1%
Nigeria
31.2%
Bangladesh
23.3%
One Hundred Years of Solitude
19.4%

You're not logged in!

Compare scores with friends on all Sporcle quizzes.
Sign Up with Email
OR
Log In

You Might Also Like...

Show Comments

Extras

Top Quizzes Today


Score Distribution

Your Account Isn't Verified!

In order to create a playlist on Sporcle, you need to verify the email address you used during registration. Go to your Sporcle Settings to finish the process.

Report this User

Report this user for behavior that violates our Community Guidelines.

Details: